[Event "DEM U12 2021"]
[Site "Willingen GER"]
[Date "2021.08.26"]
[Round "6"]
[White "Kullmann, Max"]
[Black "Lehmann, Simon"]
[Result "1-0"]
[Termination "normal"]
[Board "20"]
[WhiteElo "1411"]
[BlackElo "1484"]
[WhiteClock "00:06:06"]
[BlackClock "01:00:46"]
[PlyCount "97"]
[WhiteFideId "16218574"]
[BlackFideId "16292537"]
[EventCountry "GER"]
[EventRounds "9"]
[EventType "swiss"]
[EventDate "2021.08.22"]

1. d4 {[%clk 01:30:57]} {[%emt 00:00:03]} d6 {[%clk 01:30:57]} {[%emt
00:00:03]} 2. c4 {[%clk 01:30:47]} {[%emt 00:00:39]} Nf6 {[%clk 01:31:23]}
{[%emt 00:00:05]} 3. Nc3 {[%clk 01:30:49]} {[%emt 00:00:28]} g6 {[%clk
01:31:43]} {[%emt 00:00:10]} 4. e4 {[%clk 01:28:34]} {[%emt 00:02:46]} Bg7
{[%clk 01:32:02]} {[%emt 00:00:10]} 5. Bd3 {[%clk 01:27:52]} {[%emt 00:01:11]}
Nc6 {[%clk 01:32:13]} {[%emt 00:00:20]} 6. Nge2 {[%clk 01:27:11]} {[%emt
00:01:10]} O-O {[%emt 00:00:54]} 7. O-O {[%emt 00:02:01]} e5 {[%clk 01:28:50]}
{[%emt 00:00:59]} 8. dxe5 {[%clk 01:21:56]} {[%emt 00:05:45]} dxe5 {[%clk
01:29:07]} {[%emt 00:00:13]} 9. Nd5 {[%clk 01:17:41]} {[%emt 00:04:45]} Ne7
{[%clk 01:27:33]} {[%emt 00:02:04]} 10. Bg5 {[%clk 01:15:25]} {[%emt 00:02:46]}
Nfxd5 {[%clk 01:27:47]} {[%emt 00:00:16]} 11. cxd5 {[%clk 01:14:58]} {[%emt
00:00:57]} h6 {[%clk 01:27:51]} {[%emt 00:00:26]} 12. Be3 {[%clk 01:12:18]}
{[%emt 00:03:10]} Qd6 {[%clk 01:23:36]} {[%emt 00:04:45]} 13. Rc1 {[%clk
01:10:13]} {[%emt 00:02:34]} Bd7 {[%clk 01:20:51]} {[%emt 00:03:14]} 14. Bc5
{[%clk 01:06:38]} {[%emt 00:04:08]} Qf6 {[%clk 01:21:13]} {[%emt 00:00:06]} 15.
Bxe7 {[%clk 01:04:03]} {[%emt 00:03:05]} Qxe7 {[%emt 00:00:07]} 16. Rxc7 {[%emt
00:00:52]} Rab8 {[%clk 01:20:20]} {[%emt 00:00:24]} 17. Bb5 {[%clk 01:02:13]}
{[%emt 00:02:21]} Rfd8 {[%clk 01:20:17]} {[%emt 00:00:32]} 18. Bxd7 {[%clk
00:59:05]} {[%emt 00:03:39]} Rxd7 {[%clk 01:20:29]} {[%emt 00:00:17]} 19. Rxd7
{[%clk 00:59:10]} {[%emt 00:00:25]} Qxd7 {[%clk 01:20:51]} {[%emt 00:00:07]}
20. Qd2 {[%clk 00:58:15]} {[%emt 00:01:27]} Rc8 {[%clk 01:20:13]} {[%emt
00:01:08]} 21. Rc1 {[%clk 00:55:49]} {[%emt 00:02:56]} Bf8 {[%clk 01:19:25]}
{[%emt 00:01:14]} 22. Rxc8 {[%clk 00:49:54]} {[%emt 00:06:28]} Qxc8 {[%clk
01:19:48]} {[%emt 00:00:08]} 23. Qc3 {[%clk 00:49:33]} {[%emt 00:00:50]} Qxc3
{[%clk 01:19:30]} {[%emt 00:00:48]} 24. Nxc3 {[%clk 00:49:26]} {[%emt
00:00:38]} f6 {[%clk 01:18:47]} {[%emt 00:01:13]} 25. f3 {[%clk 00:48:33]}
{[%emt 00:01:22]} Kf7 {[%clk 01:18:18]} {[%emt 00:00:58]} 26. Kf2 {[%clk
00:48:36]} {[%emt 00:00:28]} Ke7 {[%clk 01:18:14]} {[%emt 00:00:33]} 27. Ke3
{[%clk 00:44:00]} {[%emt 00:05:07]} Kd6 {[%clk 01:18:37]} {[%emt 00:00:07]} 28.
Kd3 {[%clk 00:44:13]} {[%emt 00:00:18]} a6 {[%clk 01:18:10]} {[%emt 00:00:58]}
29. Kc4 {[%clk 00:42:57]} {[%emt 00:01:45]} b6 {[%clk 01:18:16]} {[%emt
00:00:24]} 30. a4 {[%clk 00:40:51]} {[%emt 00:02:37]} Kc7 {[%clk 01:18:23]}
{[%emt 00:00:22]} 31. b4 {[%clk 00:38:51]} {[%emt 00:02:30]} Bd6 {[%clk
01:17:59]} {[%emt 00:00:55]} 32. Nd1 {[%clk 00:35:32]} {[%emt 00:03:48]} g5
{[%clk 01:15:01]} {[%emt 00:03:29]} 33. g4 {[%clk 00:30:09]} {[%emt 00:05:52]}
Kd7 {[%clk 01:14:30]} {[%emt 00:01:01]} 34. Ne3 {[%clk 00:29:45]} {[%emt
00:00:54]} Bf8 {[%clk 01:13:51]} {[%emt 00:01:09]} 35. Nf5 {[%clk 00:28:54]}
{[%emt 00:01:21]} Kc7 {[%clk 01:13:31]} {[%emt 00:00:50]} 36. h3 {[%clk
00:27:13]} {[%emt 00:02:10]} Kd7 {[%clk 01:13:53]} {[%emt 00:00:08]} 37. b5
{[%clk 00:24:36]} {[%emt 00:03:07]} a5 {[%clk 01:13:36]} {[%emt 00:00:48]} 38.
Kd3 {[%clk 00:24:09]} {[%emt 00:00:57]} Kc7 {[%clk 01:12:35]} {[%emt 00:01:29]}
39. Ng3 {[%clk 00:19:14]} {[%emt 00:05:27]} Bg7 {[%clk 01:11:48]} {[%emt
00:01:18]} 40. Nf1 {[%clk 00:15:20]} {[%emt 00:04:22]} Bf8 {[%clk 01:11:43]}
{[%emt 00:00:34]} 41. Ne3 {[%clk 00:14:55]} {[%emt 00:00:56]} Kd7 {[%clk
01:10:31]} {[%emt 00:01:43]} 42. Nf5 {[%clk 00:08:57]} {[%emt 00:06:28]} Kc7
{[%clk 01:10:01]} {[%emt 00:01:00]} 43. Kc3 {[%clk 00:09:04]} {[%emt 00:00:22]}
Kd7 {[%clk 01:09:52]} {[%emt 00:00:40]} 44. Kc4 {[%clk 00:08:51]} {[%emt
00:00:44]} Bd6 {[%clk 01:06:19]} {[%emt 00:04:02]} 45. Nxh6 {[%clk 00:06:58]}
{[%emt 00:02:23]} Bf8 {[%clk 01:01:28]} {[%emt 00:05:21]} 46. Nf5 {[%clk
00:07:13]} {[%emt 00:00:15]} Be7 {[%clk 01:00:21]} {[%emt 00:01:37]} 47. Nxe7
{[%clk 00:05:28]} {[%emt 00:02:15]} Kxe7 {[%clk 01:00:35]} {[%emt 00:00:15]}
48. Kd3 {[%clk 00:05:51]} {[%emt 00:00:07]} Kd6 {[%clk 01:00:46]} {[%emt
00:00:17]} 49. Ke2 {[%clk 00:06:06]} {[%emt 00:00:17]} 1-0

[Event "DEM U12 2021"]
[Site "Willingen GER"]
[Date "2021.08.26"]
[Round "6"]
[White "Schaudienst, Arvid"]
[Black "Theviot, Luca"]
[Result "0-1"]
[Termination "normal"]
[Board "21"]
[WhiteElo "1368"]
[BlackElo "1417"]
[WhiteClock "00:21:39"]
[BlackClock "00:32:17"]
[PlyCount "82"]
[WhiteFideId "16266943"]
[BlackFideId "16277449"]
[EventCountry "GER"]
[EventRounds "9"]
[EventType "swiss"]
[EventDate "2021.08.22"]

1. e4 {[%clk 01:30:54]} {[%emt 00:00:05]} c5 {[%clk 01:30:53]} {[%emt
00:00:08]} 2. Nc3 {[%clk 01:31:20]} {[%emt 00:00:05]} e6 {[%clk 01:31:17]}
{[%emt 00:00:05]} 3. f4 {[%clk 01:31:44]} {[%emt 00:00:05]} d5 {[%clk
01:31:35]} {[%emt 00:00:12]} 4. Nf3 {[%clk 01:32:04]} {[%emt 00:00:10]} dxe4
{[%clk 01:31:54]} {[%emt 00:00:12]} 5. Nxe4 {[%clk 01:32:25]} {[%emt 00:00:09]}
Nf6 {[%clk 01:32:18]} {[%emt 00:00:06]} 6. Nc3 {[%clk 01:30:22]} {[%emt
00:02:33]} Be7 {[%clk 01:32:21]} {[%emt 00:00:25]} 7. Bc4 {[%clk 01:30:16]}
{[%emt 00:00:38]} Nc6 {[%clk 01:29:11]} {[%emt 00:03:40]} 8. O-O {[%clk
01:29:36]} {[%emt 00:01:08]} O-O {[%clk 01:28:59]} {[%emt 00:00:44]} 9. d3
{[%clk 01:28:50]} {[%emt 00:01:15]} Nd4 {[%clk 01:27:57]} {[%emt 00:01:32]} 10.
Nxd4 {[%clk 01:24:40]} {[%emt 00:04:40]} cxd4 {[%clk 01:26:58]} {[%emt
00:01:29]} 11. Ne4 {[%clk 01:22:35]} {[%emt 00:02:35]} Nxe4 12. dxe4 {[%clk
01:22:03]} a6 {[%clk 01:23:46]} {[%emt 00:00:46]} 13. a4 {[%clk 01:21:48]}
{[%emt 00:00:44]} Qc7 {[%clk 01:23:52]} {[%emt 00:00:25]} 14. Bb3 {[%clk
01:20:06]} {[%emt 00:02:09]} b6 {[%clk 01:18:47]} {[%emt 00:05:37]} 15. Kh1
{[%clk 01:18:20]} {[%emt 00:02:16]} Rd8 {[%clk 01:16:58]} {[%emt 00:02:20]} 16.
Rf3 {[%clk 01:14:14]} {[%emt 00:04:33]} Bb7 {[%clk 01:14:54]} {[%emt 00:02:36]}
17. Qe2 {[%clk 01:13:52]} {[%emt 00:00:49]} Qc6 {[%clk 01:10:25]} {[%emt
00:05:03]} 18. e5 {[%clk 01:09:52]} {[%emt 00:04:29]} Qe4 {[%clk 01:07:14]}
{[%emt 00:03:42]} 19. Qxe4 {[%clk 01:02:04]} {[%emt 00:08:18]} Bxe4 {[%clk
01:07:36]} {[%emt 00:00:08]} 20. Rf2 {[%clk 01:02:25]} {[%emt 00:00:08]} Bg6
{[%clk 01:06:02]} {[%emt 00:02:04]} 21. Bc4 {[%clk 00:57:36]} {[%emt 00:05:20]}
Rac8 {[%clk 01:05:40]} {[%emt 00:00:52]} 22. Bd3 {[%clk 00:53:04]} {[%emt
00:05:02]} Bxd3 {[%clk 01:05:16]} {[%emt 00:00:54]} 23. cxd3 {[%clk 00:52:57]}
{[%emt 00:00:37]} Rc6 {[%clk 01:04:03]} {[%emt 00:01:43]} 24. Bd2 {[%clk
00:46:57]} {[%emt 00:06:30]} Rc2 {[%clk 01:04:09]} {[%emt 00:00:24]} 25. b3
{[%clk 00:46:48]} {[%emt 00:00:38]} Rb2 {[%clk 00:57:37]} {[%emt 00:07:03]} 26.
g3 {[%clk 00:41:10]} {[%emt 00:06:08]} Rxb3 {[%clk 00:53:44]} {[%emt 00:04:23]}
27. Rf3 {[%clk 00:39:19]} {[%emt 00:02:20]} Rc8 {[%clk 00:53:38]} {[%emt
00:00:37]} 28. Ra2 {[%clk 00:38:27]} {[%emt 00:01:22]} Ra3 {[%clk 00:50:33]}
{[%emt 00:03:35]} 29. Rb2 {[%clk 00:36:42]} {[%emt 00:02:14]} Bc5 {[%clk
00:49:27]} {[%emt 00:01:36]} 30. Bb4 {[%clk 00:30:24]} {[%emt 00:06:48]} Rxa4
{[%clk 00:47:31]} {[%emt 00:02:27]} 31. Bxc5 {[%clk 00:29:22]} {[%emt
00:01:31]} bxc5 {[%clk 00:46:54]} {[%emt 00:01:07]} 32. Rf1 {[%clk 00:26:29]}
{[%emt 00:03:24]} Kf8 {[%clk 00:45:40]} {[%emt 00:01:43]} 33. f5 {[%clk
00:25:30]} {[%emt 00:01:29]} exf5 {[%clk 00:44:22]} {[%emt 00:01:48]} 34. Rxf5
{[%clk 00:25:45]} {[%emt 00:00:16]} Rb4 {[%clk 00:41:06]} {[%emt 00:03:46]} 35.
Ra2 {[%clk 00:24:37]} {[%emt 00:01:38]} Rb6 {[%clk 00:40:55]} {[%emt 00:00:40]}
36. Ra5 {[%clk 00:23:27]} {[%emt 00:01:40]} Ke7 {[%clk 00:38:13]} {[%emt
00:03:12]} 37. Kg2 {[%clk 00:22:56]} {[%emt 00:01:01]} Rcc6 {[%clk 00:35:40]}
{[%emt 00:03:04]} 38. Kf3 {[%clk 00:22:51]} {[%emt 00:00:34]} Rb5 {[%clk
00:34:30]} {[%emt 00:01:40]} 39. Ra2 {[%clk 00:21:51]} {[%emt 00:01:30]} Ke6
{[%clk 00:33:18]} {[%emt 00:01:41]} 40. Ke4 {[%clk 00:22:08]} {[%emt 00:00:13]}
a5 {[%clk 00:32:37]} {[%emt 00:01:13]} 41. Raf2 {[%clk 00:21:39]} {[%emt
00:00:58]} Rb7 {[%clk 00:32:17]} {[%emt 00:00:50]} 0-1

[Event "DEM U12 2021"]
[Site "Willingen GER"]
[Date "2021.08.26"]
[Round "6"]
[White "Quartz, Konstantin"]
[Black "Middendorf, Sven-Jonas"]
[Result "0-1"]
[Termination "normal"]
[Board "22"]
[WhiteElo "1027"]
[BlackElo "1407"]
[WhiteClock "01:25:18"]
[BlackClock "00:51:36"]
[PlyCount "100"]
[WhiteFideId "34604383"]
[BlackFideId "16287207"]
[EventCountry "GER"]
[EventRounds "9"]
[EventType "swiss"]
[EventDate "2021.08.22"]

1. e4 {[%clk 01:30:59]} e5 {[%clk 01:30:52]} {[%emt 00:00:08]} 2. Nf3 {[%clk
01:31:26]} {[%emt 00:00:03]} Nc6 {[%emt 00:00:04]} 3. Bc4 {[%clk 01:31:52]}
{[%emt 00:00:04]} Bc5 {[%clk 01:31:46]} {[%emt 00:00:02]} 4. c3 {[%clk
01:32:13]} {[%emt 00:00:10]} Nf6 {[%clk 01:32:13]} {[%emt 00:00:03]} 5. d4
{[%clk 01:32:33]} {[%emt 00:00:09]} exd4 {[%clk 01:32:40]} {[%emt 00:00:03]} 6.
O-O {[%clk 01:32:52]} {[%emt 00:00:11]} O-O {[%clk 01:31:42]} {[%emt 00:01:29]}
7. Bg5 {[%clk 01:31:57]} {[%emt 00:01:24]} d6 {[%clk 01:29:52]} {[%emt
00:04:32]} 8. h3 {[%clk 01:32:16]} {[%emt 00:00:11]} Ne5 {[%clk 01:24:26]}
{[%emt 00:05:57]} 9. Nbd2 {[%clk 01:31:59]} {[%emt 00:00:46]} Be6 {[%clk
01:18:47]} {[%emt 00:06:09]} 10. Bb3 {[%clk 01:30:41]} {[%emt 00:01:49]} dxc3
{[%clk 01:13:51]} {[%emt 00:05:26]} 11. bxc3 {[%clk 01:29:34]} {[%emt
00:01:35]} h6 {[%clk 01:13:04]} {[%emt 00:01:18]} 12. Bh4 {[%clk 01:29:59]}
{[%emt 00:00:05]} Ng6 {[%clk 01:12:49]} {[%emt 00:00:45]} 13. Re1 {[%clk
01:29:31]} {[%emt 00:00:59]} Nxh4 {[%clk 01:12:04]} {[%emt 00:01:15]} 14. Nxh4
{[%clk 01:29:54]} {[%emt 00:00:06]} Bxb3 {[%clk 01:11:24]} {[%emt 00:01:10]}
15. axb3 {[%clk 01:29:33]} {[%emt 00:00:52]} Re8 {[%clk 01:09:43]} {[%emt
00:02:11]} 16. Qf3 {[%clk 01:28:00]} {[%emt 00:02:01]} Nd7 {[%clk 01:04:04]}
{[%emt 00:06:10]} 17. Qg3 {[%clk 01:26:30]} {[%emt 00:02:01]} Qg5 {[%clk
01:03:02]} {[%emt 00:01:32]} 18. Nf1 {[%clk 01:21:45]} {[%emt 00:05:14]} Nf6
{[%clk 01:00:37]} {[%emt 00:02:55]} 19. Nf3 {[%clk 01:21:43]} {[%emt 00:00:32]}
Qxg3 {[%clk 00:58:46]} {[%emt 00:02:21]} 20. Nxg3 {[%clk 01:22:11]} {[%emt
00:00:02]} Re7 {[%clk 00:55:37]} {[%emt 00:03:39]} 21. b4 {[%clk 01:22:18]}
{[%emt 00:00:24]} Bb6 {[%clk 00:55:57]} {[%emt 00:00:10]} 22. Nf5 {[%clk
01:22:18]} {[%emt 00:00:29]} Rxe4 {[%clk 00:55:18]} {[%emt 00:01:09]} 23. Rxe4
{[%clk 01:22:47]} Nxe4 {[%clk 00:55:41]} {[%emt 00:00:07]} 24. c4 {[%clk
01:22:03]} {[%emt 00:01:15]} Bxf2+ {[%clk 00:52:14]} {[%emt 00:03:56]} 25. Kh2
{[%clk 01:22:06]} {[%emt 00:00:27]} Bb6 {[%clk 00:51:09]} {[%emt 00:01:36]} 26.
Ne7+ {[%clk 01:22:26]} {[%emt 00:00:10]} Kf8 {[%clk 00:50:24]} {[%emt
00:01:16]} 27. Nd5 {[%clk 01:22:51]} {[%emt 00:00:05]} Ng5 {[%clk 00:49:19]}
{[%emt 00:01:34]} 28. Nxg5 {[%clk 01:22:26]} {[%emt 00:00:54]} hxg5 {[%clk
00:49:43]} {[%emt 00:00:06]} 29. Nxb6 {[%clk 01:21:25]} {[%emt 00:01:32]} cxb6
{[%clk 00:50:09]} {[%emt 00:00:04]} 30. Kg3 {[%clk 01:21:36]} {[%emt 00:00:19]}
Rc8 {[%clk 00:50:06]} {[%emt 00:00:33]} 31. Rxa7 {[%clk 01:21:11]} {[%emt
00:00:55]} Rxc4 {[%clk 00:49:16]} {[%emt 00:01:20]} 32. Rxb7 {[%clk 01:21:29]}
{[%emt 00:00:12]} Rxb4 {[%clk 00:49:37]} {[%emt 00:00:09]} 33. Rd7 {[%clk
01:21:39]} {[%emt 00:00:20]} Rb1 {[%clk 00:47:42]} {[%emt 00:02:25]} 34. Kf3
{[%clk 01:21:21]} {[%emt 00:00:48]} b5 {[%clk 00:47:11]} {[%emt 00:01:01]} 35.
Ke4 {[%clk 01:21:47]} {[%emt 00:00:04]} b4 {[%clk 00:46:42]} {[%emt 00:00:59]}
36. Kd5 {[%clk 01:22:12]} {[%emt 00:00:05]} b3 {[%clk 00:47:02]} {[%emt
00:00:10]} 37. Rb7 {[%clk 01:22:37]} {[%emt 00:00:05]} b2 {[%clk 00:47:01]}
{[%emt 00:00:31]} 38. Kxd6 {[%clk 01:23:01]} {[%emt 00:00:06]} Rd1+ {[%clk
00:47:24]} {[%emt 00:00:06]} 39. Kc7 {[%clk 01:22:35]} {[%emt 00:00:55]} b1=Q
{[%clk 00:47:39]} {[%emt 00:00:16]} 40. Rxb1 {[%clk 01:23:03]} Rxb1 {[%clk
00:48:01]} {[%emt 00:00:11]} 41. Kd6 {[%emt 00:00:20]} Re1 {[%clk 00:48:23]}
{[%emt 00:00:08]} 42. Kc7 {[%clk 01:23:40]} {[%emt 00:00:03]} Rd1 {[%clk
00:48:49]} {[%emt 00:00:03]} 43. Kb8 {[%clk 01:24:06]} {[%emt 00:00:05]} Rc1
{[%clk 00:49:14]} {[%emt 00:00:04]} 44. Ka8 {[%clk 01:24:34]} {[%emt 00:00:02]}
Rb1 {[%clk 00:49:42]} {[%emt 00:00:02]} 45. Ka7 {[%clk 01:23:22]} {[%emt
00:01:43]} Ke7 {[%clk 00:50:05]} {[%emt 00:00:07]} 46. Ka6 {[%clk 01:23:51]}
{[%emt 00:00:01]} Kd6 {[%clk 00:50:34]} 47. Ka5 {[%clk 01:24:19]} {[%emt
00:00:02]} Kc5 {[%clk 00:50:54]} {[%emt 00:00:10]} 48. Ka4 {[%clk 01:24:27]}
{[%emt 00:00:22]} Rb8 {[%clk 00:51:15]} {[%emt 00:00:08]} 49. Ka3 {[%clk
01:24:51]} {[%emt 00:00:06]} Kc4 {[%clk 00:51:43]} {[%emt 00:00:03]} 50. Ka4
{[%clk 01:25:18]} {[%emt 00:00:03]} Ra8# {[%clk 00:51:36]} {[%emt 00:00:06]}
0-1

[Event "DEM U12 2021"]
[Site "Willingen GER"]
[Date "2021.08.26"]
[Round "6"]
[White "Kullmann, Theo"]
[Black "Lumma, Justus"]
[Result "1/2-1/2"]
[Termination "normal"]
[Board "23"]
[WhiteElo "1590"]
[BlackElo "1081"]
[WhiteClock "00:17:00"]
[BlackClock "00:54:52"]
[PlyCount "41"]
[WhiteFideId "16218582"]
[BlackFideId "16287193"]
[EventCountry "GER"]
[EventRounds "9"]
[EventType "swiss"]
[EventDate "2021.08.22"]

1. e4 {[%clk 01:30:55]} {[%emt 00:00:05]} e5 {[%clk 01:30:45]} {[%emt
00:00:15]} 2. Nf3 {[%clk 01:31:08]} {[%emt 00:00:17]} Nc6 {[%clk 01:24:21]}
{[%emt 00:06:54]} 3. d4 {[%clk 01:28:05]} {[%emt 00:03:33]} exd4 {[%clk
01:22:45]} {[%emt 00:02:07]} 4. Nxd4 {[%clk 01:27:55]} {[%emt 00:00:40]} Qh4
{[%clk 01:20:10]} {[%emt 00:03:04]} 5. Nc3 {[%clk 01:15:55]} {[%emt 00:12:30]}
Bb4 {[%clk 01:11:26]} {[%emt 00:09:14]} 6. Qd3 {[%clk 00:54:37]} {[%emt
00:21:49]} Nf6 {[%clk 01:04:56]} {[%emt 00:06:59]} 7. Nxc6 {[%clk 00:51:16]}
{[%emt 00:03:50]} bxc6 {[%clk 01:05:13]} {[%emt 00:00:13]} 8. e5 {[%clk
00:47:45]} {[%emt 00:04:02]} Ng4 {[%clk 01:02:20]} {[%emt 00:03:23]} 9. g3
{[%clk 00:35:35]} {[%emt 00:12:40]} Qe7 {[%clk 01:00:47]} {[%emt 00:02:00]} 10.
f4 {[%clk 00:35:16]} {[%emt 00:00:53]} d6 {[%clk 01:00:32]} {[%emt 00:00:43]}
11. h3 {[%clk 00:34:21]} {[%emt 00:01:26]} Nf6 {[%clk 00:59:06]} {[%emt
00:01:55]} 12. Qc4 {[%clk 00:32:15]} {[%emt 00:02:37]} dxe5 {[%clk 00:58:36]}
{[%emt 00:00:59]} 13. Qxc6+ {[%clk 00:32:03]} {[%emt 00:00:43]} Nd7 {[%clk
00:57:13]} {[%emt 00:01:54]} 14. Qxa8 {[%clk 00:31:52]} {[%emt 00:00:41]} exf4+
{[%clk 00:57:33]} {[%emt 00:00:08]} 15. Be2 {[%clk 00:31:52]} {[%emt 00:00:31]}
O-O {[%clk 00:57:16]} {[%emt 00:00:47]} 16. Qg2 {[%clk 00:25:23]} {[%emt
00:06:59]} Re8 {[%clk 00:57:01]} {[%emt 00:00:46]} 17. Bxf4 {[%clk 00:24:28]}
{[%emt 00:01:25]} Bb7 {[%clk 00:57:13]} {[%emt 00:00:18]} 18. Qh2 {[%clk
00:20:21]} {[%emt 00:04:36]} Bxh1 {[%clk 00:55:42]} {[%emt 00:02:00]} 19. Kf1
{[%clk 00:20:00]} {[%emt 00:00:52]} Bxc3 {[%clk 00:54:47]} {[%emt 00:01:24]}
20. bxc3 {[%clk 00:20:20]} {[%emt 00:00:11]} Be4 {[%clk 00:54:52]} {[%emt
00:00:24]} 21. Qf2 {[%clk 00:17:00]} {[%emt 00:03:50]} 1/2-1/2

[Event "DEM U12 2021"]
[Site "Willingen GER"]
[Date "2021.08.26"]
[Round "6"]
[White "Bock, Leonas"]
[Black "Meng, Yuxuan"]
[Result "1/2-1/2"]
[Termination "normal"]
[Board "26"]
[WhiteElo "1278"]
[BlackElo "1495"]
[WhiteClock "00:09:44"]
[BlackClock "00:15:41"]
[PlyCount "88"]
[WhiteFideId "16287118"]
[BlackFideId "16258231"]
[EventCountry "GER"]
[EventRounds "9"]
[EventType "swiss"]
[EventDate "2021.08.22"]

1. d4 {[%clk 01:30:56]} {[%emt 00:00:02]} d5 {[%clk 01:30:56]} {[%emt
00:00:05]} 2. Nf3 {[%clk 01:31:18]} {[%emt 00:00:08]} Nf6 {[%clk 01:31:22]}
{[%emt 00:00:05]} 3. Bf4 {[%clk 01:30:58]} {[%emt 00:00:49]} c5 {[%clk
01:28:55]} {[%emt 00:02:57]} 4. c3 {[%clk 01:29:51]} {[%emt 00:01:36]} e6
{[%clk 01:26:16]} {[%emt 00:03:10]} 5. e3 {[%clk 01:29:59]} {[%emt 00:00:21]}
Nc6 {[%clk 01:25:01]} {[%emt 00:01:46]} 6. Nbd2 {[%clk 01:28:04]} {[%emt
00:02:25]} Be7 {[%clk 01:21:57]} {[%emt 00:03:33]} 7. Be2 {[%clk 01:24:50]}
{[%emt 00:03:43]} O-O {[%clk 01:20:38]} {[%emt 00:01:51]} 8. O-O {[%clk
01:24:37]} {[%emt 00:00:42]} Nh5 {[%clk 01:17:23]} {[%emt 00:03:46]} 9. Bg3
{[%clk 01:18:25]} {[%emt 00:06:42]} Nxg3 {[%clk 01:16:59]} {[%emt 00:00:54]}
10. fxg3 {[%clk 01:15:31]} {[%emt 00:03:23]} Qb6 {[%clk 01:05:55]} {[%emt
00:11:35]} 11. Rb1 {[%clk 01:10:30]} {[%emt 00:05:26]} e5 {[%clk 00:59:41]}
{[%emt 00:06:49]} 12. Nxe5 {[%clk 01:03:20]} {[%emt 00:07:40]} Nxe5 {[%clk
00:59:35]} {[%emt 00:00:37]} 13. dxe5 {[%clk 01:03:40]} {[%emt 00:00:08]} c4
{[%clk 00:59:23]} {[%emt 00:00:44]} 14. Kh1 {[%clk 00:57:41]} {[%emt 00:06:27]}
Qxe3 {[%clk 00:58:56]} {[%emt 00:00:58]} 15. Re1 {[%clk 00:55:19]} {[%emt
00:02:52]} Qc5 {[%clk 00:53:49]} {[%emt 00:05:36]} 16. Nf3 {[%clk 00:54:18]}
{[%emt 00:01:32]} Bf5 {[%clk 00:51:17]} {[%emt 00:03:02]} 17. Rc1 {[%clk
00:53:40]} {[%emt 00:01:03]} Rfe8 {[%clk 00:49:00]} {[%emt 00:02:51]} 18. Nd4
{[%clk 00:50:59]} {[%emt 00:03:12]} Be4 {[%clk 00:45:23]} {[%emt 00:04:06]} 19.
Bf3 {[%clk 00:49:11]} {[%emt 00:02:19]} Bg5 {[%clk 00:43:51]} {[%emt 00:02:01]}
20. Ra1 {[%clk 00:45:42]} {[%emt 00:04:00]} Rxe5 {[%clk 00:43:27]} {[%emt
00:00:55]} 21. Bxe4 {[%clk 00:44:18]} {[%emt 00:01:53]} Rxe4 {[%clk 00:43:45]}
{[%emt 00:00:12]} 22. Rxe4 {[%clk 00:44:23]} {[%emt 00:00:24]} dxe4 {[%clk
00:44:10]} {[%emt 00:00:06]} 23. Qg4 {[%clk 00:44:16]} {[%emt 00:00:37]} Re8
{[%clk 00:39:44]} {[%emt 00:04:56]} 24. Rf1 {[%clk 00:40:17]} {[%emt 00:04:29]}
g6 {[%clk 00:30:44]} {[%emt 00:09:31]} 25. h4 {[%clk 00:33:35]} {[%emt
00:07:10]} Bh6 {[%clk 00:27:48]} {[%emt 00:03:28]} 26. Nf5 {[%clk 00:22:07]}
{[%emt 00:11:56]} Bg7 {[%clk 00:26:37]} {[%emt 00:01:42]} 27. Nxg7 {[%clk
00:18:18]} {[%emt 00:04:17]} Kxg7 {[%clk 00:26:54]} {[%emt 00:00:15]} 28. Qf4
{[%clk 00:18:03]} {[%emt 00:00:44]} Re7 {[%clk 00:22:43]} {[%emt 00:04:42]} 29.
g4 {[%clk 00:17:39]} {[%emt 00:00:54]} Qe5 {[%clk 00:21:45]} {[%emt 00:01:27]}
30. Qxe5+ {[%clk 00:15:35]} {[%emt 00:02:35]} Rxe5 {[%clk 00:22:04]} {[%emt
00:00:11]} 31. g5 {[%clk 00:14:38]} {[%emt 00:01:27]} e3 {[%clk 00:21:42]}
{[%emt 00:00:52]} 32. g3 {[%clk 00:14:19]} {[%emt 00:00:49]} h6 {[%clk
00:20:56]} {[%emt 00:01:15]} 33. gxh6+ {[%clk 00:14:24]} {[%emt 00:00:26]} Kxh6
{[%clk 00:21:21]} {[%emt 00:00:06]} 34. Kg2 {[%clk 00:14:38]} {[%emt 00:00:14]}
Kh5 {[%clk 00:19:32]} {[%emt 00:02:20]} 35. Re1 {[%clk 00:13:08]} {[%emt
00:01:59]} Kg4 {[%clk 00:19:07]} {[%emt 00:00:56]} 36. Re2 {[%clk 00:12:34]}
{[%emt 00:01:04]} f5 {[%clk 00:18:01]} {[%emt 00:01:37]} 37. b3 {[%clk
00:12:30]} {[%emt 00:00:34]} b5 {[%clk 00:18:08]} {[%emt 00:00:22]} 38. b4
{[%clk 00:12:04]} {[%emt 00:00:56]} f4 {[%clk 00:17:36]} {[%emt 00:01:02]} 39.
gxf4 {[%clk 00:11:55]} {[%emt 00:00:38]} Kxf4 {[%clk 00:18:01]} {[%emt
00:00:06]} 40. Re1 {[%clk 00:12:09]} {[%emt 00:00:15]} Kg4 {[%clk 00:17:10]}
{[%emt 00:01:22]} 41. Re2 {[%clk 00:09:51]} {[%emt 00:02:48]} Kxh4 {[%clk
00:16:01]} {[%emt 00:01:39]} 42. Kf3 {[%clk 00:10:13]} {[%emt 00:00:08]} Kh3
{[%clk 00:16:15]} {[%emt 00:00:16]} 43. Re1 {[%clk 00:09:41]} {[%emt 00:01:02]}
Kh2 {[%clk 00:15:41]} {[%emt 00:01:04]} 44. Re2+ {[%clk 00:09:44]} {[%emt
00:00:27]} Kh3 {[%emt 00:02:55]} 1/2-1/2